Tiga Serangkai Sendi Ugama

Bibliographic Details
Main Author: Moh. Abdai Rathomy
Format: Book
Published: Bandung : Alma Alif

MARC

LEADER 00000cam a2200000 7i4500
001 0000092914
005 20231026153213.0
008
041 |a Malay 
090 0 0 |a 297.14   |b MOH 
100 1 |a Moh. Abdai Rathomy 
245 0 0 |a Tiga Serangkai Sendi Ugama   |c Moh. Abdai Rathomy 
260 |a Bandung :   |b Alma Alif 
300 |a 416p. :   |b ill. ;   |c 20.8cm. 
500 |a Adult 
999 |a 0000000833   |b Book   |c Adult Collection   |e Cawangan Bandar Penawar